The Flora of a changing Britain /

Bibliographic Details
Main Author: Perring, Franklyn
Corporate Author: Botanical Society of the British Isles
Format: Book
Language:English
Published: Hampton, Middlesex : Published for the Botanical Society of the British Isles by E. W. Classey, [1970]
Series:B.S.B.I. conference reports ; no. 11.
Subjects:

MARC

Tag First Indicator Second Indicator Subfields
LEADER 00000cam a2200000 4500
001 in00000292321
005 20151010085342.0
008 750523s1970 enka b 00010 eng d
035 |a (OCoLC)01352928 
035 |9 ABG2885AM 
040 |c OUN  |d TXA  |d UtOrBLW 
049 |a TXAM  |c [1335402] 
090 |a QK306  |b .P41 
100 1 |a Perring, Franklyn. 
245 1 4 |a The Flora of a changing Britain /  |c edited by F. Perring. 
264 1 |a Hampton, Middlesex :  |b Published for the Botanical Society of the British Isles by E. W. Classey,  |c [1970] 
264 4 |c [©1970] 
300 |a 157 pages :  |b illustrations ;  |c 24 cm. 
336 |a text  |b txt  |2 rdacontent 
337 |a unmediated  |b n  |2 rdamedia 
338 |a volume  |b nc  |2 rdacarrier 
490 1 |a B. S. B. I. Conference reports, no. 11 
504 |a Includes bibliographies. 
650 0 |a Botany  |z Great Britain. 
710 2 |a Botanical Society of the British Isles. 
830 0 |a B.S.B.I. conference reports ;  |v  no. 11. 
999 |a MARS 
999 f f |s 2daba690-c4a9-38ae-892c-c1f880b7634d  |i d8264ab7-bf6d-3a4b-919d-6f962fe8880d  |t 0 
952 f f |p ric  |a Texas A&M University  |b Rellis Campus  |c Joint Library Facility  |d Remote Storage  |t 0  |e QK306 .P41  |h Library of Congress classification  |i unmediated -- volume  |m A14804883635 
998 f f |a QK306 .P41  |t 0  |l Remote Storage